Potencial y políticas para el desarrollo agrícola en Chile
Uloženo v:
| Hlavní autoři: | , |
|---|---|
| Korporativní autor: | |
| Médium: | Kniha |
| Jazyk: | španělština |
| Vydáno: |
Santiago
CED
1988
|
| Témata: | |
| Tagy: |
Přidat tag
Žádné tagy, Buďte první, kdo vytvoří štítek k tomuto záznamu!
|
MARC
| LEADER | 00000nam a2200000 a 4500 | ||
|---|---|---|---|
| 001 | UCX1817 | ||
| 003 | CL-VaPUC | ||
| 008 | 901107e19880000CL |||||||||||||||||spa|d | ||
| 082 | 0 | 4 | |a 338.109 |b COX |2 21 |
| 100 | 0 | |a Cox, Maximiliano |e author |9 317510 | |
| 700 | 0 | |a Chateauneuf, Rolando |e author |9 317511 | |
| 110 | 2 | |a CED, Chile |e author |9 317512 | |
| 245 | 1 | 0 | |a Potencial y políticas para el desarrollo agrícola en Chile |
| 300 | |a 242 p | ||
| 942 | |c BK | ||
| 945 | |d 19901107 00:00:00 | ||
| 260 | |a Santiago |b CED |c 1988 | ||
| 650 | 7 | |a DESARROLLO AGRICOLA |2 CL-VaPUC |9 259759 | |
| 651 | 7 | |a CHILE |2 CL-VaPUC |9 317513 | |
| 583 | |a last modification |c 19901107 00:00:00 |k Rodrigo Vera | ||
| 999 | |c 222973 |d 222971 | ||
| 952 | |0 0 |1 0 |4 0 |6 338_109000000000000_COX_1988 |7 0 |8 A |9 218305 |a BIBGIM |b BIBGIM |d 2019-11-15 |i 2871467 |o 338.109 COX 1988 |p 2871467 |r 2025-01-15 |w 2019-11-15 |y BK |k SSL | ||